000 00859nas a2200289 4500
001 BR2010005435
003 BR-BrBNA
005 20231205114811.0
007 ta
008 230509b bl.|||p| |||| 00| 00por d
040 _aBR-BrBNA
_bpor
_cBiblioteca Nacional de Agricultura
041 _a(Pt)
072 _aQ02
100 1 _aKopper, A.C.
100 1 _aSaraiva, A.P.K.
100 1 _aRibani, R.H.
100 1 _aLorenzi, G.M.A.C.
245 1 _aUtilização tecnológica da farinha de bocaiuva na elaboração de biscoitos tipo cookie
650 _aMACAUBA
650 _aFARINHA
650 _aFIBRA
650 _aBISCOITO
650 _aTECNOLOGIA DE ALIMENTO
773 0 _tAlimentos e Nutrição (Brazil)
_xISSN 0103-4235
_g(Jul-Sep 2009), v. 20(3) p. 463-469
_wBR2010005435
909 _a202311
_bLúcia
_c55
_dLúcia Elande
942 _2AGRIS
_n0
_cANA
999 _c210563
_d210563